000
00292 a2200097 4500
090
_c
4279
_d
4279
100
_a
Patricia Hayes Andrews
245
_a
Organizational Communication
_b
Empowerment in a Techological Society
260
_a
A.I.T.B.S.
_b
New Delhi
_c
1998
942
_a
NBS
_c
BK
_k
016.3011832 AND
999
_c
346726
_d
346726